| 000 | 00549cac a22001691u 4500 | ||
|---|---|---|---|
| 008 | 081106s2003 nju|||||r|||| 001 0 eng d | ||
| 020 | _a0130384887 | ||
| 082 | 0 | 0 |
_a004.6 _bTAN _222 |
| 100 |
_aTanenbaum, Andrew S., _99633 |
||
| 245 | 1 | 0 |
_aComputer Networks / _cAndrew S. Tanenbaum. |
| 250 | _a4th ed. | ||
| 260 |
_aUpper Saddle River, NJ : _bPearson Education, _cc2003. |
||
| 300 |
_axx, 891 p. : _bill. ; _c25 cm. |
||
| 504 | _aIncludes bibliographical references and index. | ||
| 650 | 0 |
_aComputer networks. _99634 |
|
| 942 |
_cBB _k004.6 TAN _2ddc |
||
| 999 |
_c202 _d202 |
||